Formule 1 - Rookies de 2015 - Statistiques

Statistiques générales
  • Ce quiz a été pris 94 fois
  • Le résultat moyen est 3 sur 5
Statistiques - réponses
Hint Réponse % Correct
Toro Rosso Max Verstappen
100%
Toro Rosso Carlos Sainz
84%
Sauber Felipe Nasr
27%
Marussia Will Stevens
21%
Marussia Robert Merhi
19%
Aucun quiz correspondant
Distribution des résultats
% des personnes avec chaque résultat
Percentile par nombre de réponses
Votre historique - résultats
Vous n’avez pas pris ce quiz